|
|
|
|
| LEADER |
00000nam0a2200000 4500 |
| 001 |
262287 |
| 005 |
20231101233635.0 |
| 035 |
|
|
|a (RuTPU)RU\TPU\book\285269
|
| 090 |
|
|
|a 262287
|
| 100 |
|
|
|a 20140530d1988 k y0rusy50 ca
|
| 101 |
0 |
|
|a rus
|
| 102 |
|
|
|a RU
|
| 105 |
|
|
|a a z 001zy
|
| 200 |
1 |
|
|a Технологические свойства и синтез минералов
|f Академия наук СССР (АН СССР), Коми филиал, Институт геологии (ИГ) ; отв. ред. Н. П. Юшкин
|
| 210 |
|
|
|a Сыктывкар
|c Изд-во Коми научного центра УрО АН СССР
|d 1988
|
| 215 |
|
|
|a 100 с.
|c ил.
|
| 225 |
1 |
|
|a Труды института геологии Коми НЦ УрО АН СССР
|v Вып. 63
|
| 225 |
1 |
|
|a Минералогический сборник
|
| 320 |
|
|
|a Библиогр. в конце ст.
|
| 606 |
1 |
|
|a Минералы
|x Синтез
|2 stltpush
|3 (RuTPU)RU\TPU\subj\43982
|9 63384
|
| 606 |
1 |
|
|a Минеральные ресурсы
|2 stltpush
|3 (RuTPU)RU\TPU\subj\44061
|9 63442
|
| 610 |
1 |
|
|a минералы
|
| 610 |
1 |
|
|a руды
|
| 610 |
1 |
|
|a технологические свойства
|
| 610 |
1 |
|
|a синтез
|
| 610 |
1 |
|
|a формирование
|
| 610 |
1 |
|
|a переработка
|
| 610 |
1 |
|
|a безотходные технологии
|
| 610 |
1 |
|
|a ферриты
|
| 610 |
1 |
|
|a рентгенофазовый анализ
|
| 610 |
1 |
|
|a кристаллизация
|
| 675 |
|
|
|a 549:679.8
|v 3
|
| 675 |
|
|
|a 553.04
|v 3
|
| 702 |
|
1 |
|a Юшкин
|b Н. П.
|4 340
|
| 712 |
0 |
2 |
|a Академия наук СССР (АН СССР)
|b Коми филиал
|b Институт геологии (ИГ)
|c (Сыктывкар)
|c (1958-1987)
|2 stltpush
|3 (RuTPU)RU\TPU\col\11375
|
| 801 |
|
1 |
|a RU
|b 63413507
|c 20140530
|
| 801 |
|
2 |
|a RU
|b 63413507
|c 20150317
|g RCR
|
| 942 |
|
|
|c BK
|